00494nam a2200157Ia 4500008004000000082001600040100002100056245003200077260004200109300000900151650001200160690001200172906001100184999001700195952012400212210210b1992 xxu||||| |||| 00| 0 eng d a792.03 BANC aBANHAM (Martin). aCambridge guide to theater. aN YbCambridge University Pressc1992 a1104 aTheater aTheatre a048270 c96977d96977 001040738Fine ArtsaALbALcFine Artsd2021-02-17g0.00l0o792.03 BANCp048270r2021-02-17 00:00:00w2021-02-17yBK